| 000 | 01238nam a22002057a 4500 | ||
|---|---|---|---|
| 999 |
_c59137 _d59137 |
||
| 003 | Ge_BSU | ||
| 005 | 20221130110040.0 | ||
| 008 | 221130s1976ge xxu||||| |||| 00| 0 geo d | ||
| 041 | _ageo | ||
| 080 | _a821.353.1-13 რ-93 | ||
| 100 |
_aრუსთაველი, შოთა, ავტორი. _916223 |
||
| 245 |
_aვეფხისტყაოსანი ქართულ ენაზე. _bვეფხისტყაოსანი / _cშოთა რუსთაველი ; ტექსტი გამოსაცემად მოამზადა, შესავალი, განმარტებანი და კომენტარები დაურთო ნ. ნათაძემ ; რედაქტორი ალ. ჭინჭარაული. |
||
| 264 |
_aთბილისი : _bგანათლება, _c1976. |
||
| 300 |
_a552 გვ. ; _b22 სმ. |
||
| 440 |
_a"განათლების" ბიბლიოთეკა _916224 |
||
| 653 | _aვეფხისტყაოსანი -- სწავლება. | ||
| 700 |
_aნათაძე, ნ _93704 |
||
| 700 |
_aჭინჭარაული, ალ. _eრედაქტორი _97560 |
||
| 942 |
_2udc _cBK |
||